|
|
|
|
| LEADER |
00000naa a2200000uu 4500 |
| 001 |
vtls011066673 |
| 003 |
SK-MaSNL |
| 005 |
20260426023716.0 |
| 008 |
210910|2009 xo |||||||||||||||||slo| |
| 015 |
|
|
|a SNBRA
|
| 035 |
|
|
|a (urnnbn)urn:nbn:sk:snk:ar-a0c747
|
| 035 |
|
|
|a (uuid)0479bd22-2145-4a69-a68b-342929c2e378
|
| 035 |
|
|
|a urn:nbn:sk:snk-aavdis
|
| 040 |
|
|
|a SNKBUCL
|b slo
|c SNKBUCL
|e AACR2
|
| 041 |
0 |
|
|a slo
|
| 044 |
|
|
|a xo
|c SK
|
| 100 |
1 |
|
|a Kráľová, Eva,
|d 1951-
|4 aut
|9 192919
|
| 245 |
1 |
0 |
|a Interdisciplinárny transfer informácií a inovácií - kľúč k udržateľnosti pamiatok
|c Eva Kráľová
|
| 650 |
0 |
7 |
|a pamiatková starostlivosť
|2 SNKPH
|9 2863
|
| 651 |
|
7 |
|a Slovensko
|2 SNKPHgeo
|9 14231
|
| 773 |
0 |
|
|t Bardkontakt 2009
|d Bardejov : Mesto Bardejov, 2009
|g S. 109-112
|z 9788097018894
|
| 958 |
|
|
|a OND
|
| 958 |
|
|
|a article12
|
| 958 |
|
|
|a chapter
|
| 999 |
|
|
|c 1349621
|d 1351551
|